TRAFFIC ENGINEERING AND TRANSPORT PLANNING (Record no. 5339)

MARC details
000 -LEADER
fixed length control field 00391nam a22001577a 4500
005 - DATE AND TIME OF LATEST TRANSACTION
control field 20170330102253.0
008 - FIXED-LENGTH DATA ELEMENTS--GENERAL INFORMATION
fixed length control field 170330b xxu||||| |||| 00| 0 eng d
020 ## - INTERNATIONAL STANDARD BOOK NUMBER
ISBN 81-7409-220-X
041 ## - LANGUAGE CODE
Language code of text/sound track or separate title eng
100 ## - MAIN ENTRY--AUTHOR NAME
Personal name KADIYALI,DR. L.R
245 ## - TITLE STATEMENT
Title TRAFFIC ENGINEERING AND TRANSPORT PLANNING
260 ## - PUBLICATION, DISTRIBUTION, ETC. (IMPRINT)
Name of publisher KHANNA PUBLICATION
300 ## - PHYSICAL DESCRIPTION
Number of Pages 913
650 ## - SUBJECT ADDED ENTRY--TOPICAL TERM
Topical Term ENGINEERING
942 ## - ADDED ENTRY ELEMENTS (KOHA)
Koha item type Books
Holdings
Lost status Damaged status Home library Current library Shelving location Date acquired Source of acquisition Cost, normal purchase price Accession Number Koha item type
    JRU Library   SHELF-6-B 28/03/2017 PURCHASE 340.00 21500 Books
    JRU Library   SHELF-44-D 28/03/2017 PURCHASE 340.00 21501 Books